Japonais Tourisme Quizz - Statistiques

Statistiques générales
  • Ce quiz a été pris 4 fois
  • Le résultat moyen est 4 sur 22
Statistiques - réponses
Vocabulaire Réponse % Correct
Mer
海, Umi
100%
Montagne
山, Yama
75%
Forêt
森, Mori
50%
Pollution 汚染 Osen
汚染 Osen
50%
Qualité de l’eau 水質 Suishitsu
水質 Suishitsu
50%
Vélo électrique 電動自転車, Dendô jitensha
25%
Vélo 自転車, Jitensha
25%
Plage
ビーチ, Bîchi
0%
Niveau moyen
中級レベル, Chûkyû reberu
0%
Plongée
ダイビング, Daibingu
0%
Où me conseillez-vous d’aller ? どこに行くのがお勧めですか?, Dokoni ikunoga osusume desuka ?
0%
Protection faune et flore 動植物の保護 Dôshokubutsu no hogo
0%
Randonnée
ハイキング, Haikingu
0%
Campagne
田舎, Inaka
0%
Niveau difficile 上級レベル; Jôkyû reberu
0%
Parc national
国立公園, Kokuritsu Kôen
0%
Dénivelé 高低差, Kôteisa
0%
Qualité de l’air 空気質, Kûkishitsu
0%
Faire du vélo サイクリング, Saikuring
0%
Niveau facile 初級レベル, Shokyû reberu
0%
Ascension 登山, Tozan
0%
Trekking
トレッキング, Torekkingu
0%
Aucun quiz correspondant
Distribution des résultats
% des personnes avec chaque résultat
Percentile par nombre de réponses
Votre historique - résultats
Vous n’avez pas pris ce quiz